=LDR 00000nam 2200000 4500 =001 INLIS000000000050540 =005 20200311092819 =035 ##$$a 0010-0517000193 =007 ta =008 200311################g##########0#ind## =020 ##$$a 978-602-73059-3-9 =082 ##$$a 297.14 =084 ##$$a 297.14 FAR z =100 #$$a Farid, Ahmad =245 1#$$a Zuhud dan Kelembutan Hati /$c Ahmad farid; Penerjemah, fuad githa perdana; Editor, Ruslan nurhadi =260 ##$$a Depok :$b Pustaka Khazanah Fawa'id,$c 2016 =300 ##$$a xviii, 592 hlm ; $c 17, 5 x 24, 5 cm =250 ##$$a Cet. 2 =500 ##$$a judul asli : Bahrur ra'iq zuhdi war raqa'iq =650 #4$$a Fikiq islam =990 ##$$a 31701250 =990 ##$$a 31701249